L'Allemagne hitlérienne (niveau avancé) - Statistiques

Statistiques générales
  • Ce quiz a été pris 108 fois
  • Le résultat moyen est 4 sur 10
Statistiques - réponses
Hint Réponse % Correct
Ville allemande dans laquelle Adolf Hitler se suicide en 1945 Berlin
86%
Maîtresse d'Adolf Hitler Eva Braun
80%
Dans quel ouvrage nazi retrouve-t-on cet épilogue "Un Etat qui refuse la contamination des races, doit devenir un jour le maître de la terre" ? Mein Kampf
64%
Qui, au palais du Sport de Berlin en 1943, finit son discours en ses termes : « Et maintenant peuple, lève-toi, et toi, tempête, déchaîne-toi ! » Joseph Goebbels
46%
Chanson populaire au sein de la Wehrmacht relatant l'histoire d'un homme qui se languit de sa fiancée Erika
45%
Résidence montagnarde du Führer en Bavière Berghof
26%
Célèbre réalisatrice ayant collaboré à la propagande cinématographique du Troisième Reich Leni Riefenstahl
17%
Chienne d'Adolf Hitler Blondi
14%
Campagne d'extermination par assassinat des adultes handicapés physiques et mentaux Aktion T4
9%
Troupes de réserve composées d'adolescents et de personnes âgées lors de la bataille de Berlin Volkssturm
7%
Aucun quiz correspondant
Distribution des résultats
% des personnes avec chaque résultat
Percentile par nombre de réponses
Votre historique - résultats
Vous n’avez pas pris ce quiz